सचित्र मधुमालती कथा, संपा फतह सिंह (Record no. 322194)
[ view plain ]
| 000 -LEADER | |
|---|---|
| fixed length control field | 01031nam a2200265Ia 4500 |
| 003 - CONTROL NUMBER IDENTIFIER | |
| control field | OSt |
| 005 - DATE AND TIME OF LATEST TRANSACTION | |
| control field | 20220923214158.0 |
| 008 - FIXED-LENGTH DATA ELEMENTS--GENERAL INFORMATION | |
| fixed length control field | 220922b |||||||| |||| 00| 0 hin d |
| 037 ## - SOURCE OF ACQUISITION | |
| Terms of availability | Textual |
| 040 ## - CATALOGING SOURCE | |
| Original cataloging agency | ARTS |
| Transcribing agency | ARTS |
| Language of cataloging | hin |
| 041 ## - LANGUAGE CODE | |
| Source of code | hin |
| Language code of text/sound track or separate title | hin |
| 100 ## - MAIN ENTRY--PERSONAL NAME | |
| Personal name | चतुर्भुज दास |
| 9 (RLIN) | 156358 |
| 245 #0 - TITLE STATEMENT | |
| Title | सचित्र मधुमालती कथा, संपा फतह सिंह |
| 246 ## - VARYING FORM OF TITLE | |
| Title proper/short title | Sachitra madhumālatī kathā, sanpā0 fatah sianha |
| 260 ## - PUBLICATION, DISTRIBUTION, ETC. | |
| Place of publication, distribution, etc. | जोधपुर |
| Name of publisher, distributor, etc. | राजस्थान प्राच्य विद्या प्रतिष्ठान |
| Date of publication, distribution, etc. | 1967 |
| 300 ## - PHYSICAL DESCRIPTION | |
| Extent | 242पृ. |
| Dimensions | cm. |
| 490 ## - SERIES STATEMENT | |
| Series statement | राजस्थान पुरातन गं्रथमाला; 87 |
| 650 ## - SUBJECT ADDED ENTRY--TOPICAL TERM | |
| Topical term or geographic name entry element | हिन्दी साहित्य |
| 9 (RLIN) | 156264 |
| 942 ## - ADDED ENTRY ELEMENTS (KOHA) | |
| Classification part | O152,1KCA,1, K7 |
| Koha item type | Textual |
| Source of classification or shelving scheme | Colon Classification (CC) |
| Withdrawn status | Lost status | Damaged status | Not for loan | Home library | Current library | Date acquired | Total Checkouts | Full call number | Barcode | Date last seen | Price effective from | Koha item type |
|---|---|---|---|---|---|---|---|---|---|---|---|---|
| Arts Library | Arts Library | 2022-09-23 | O152,1KCA,1 K7 | AL0879251 | 2022-09-23 | 2022-09-23 | Textual |
